| 000 | 00905nam a2200241Ia 4500 | ||
|---|---|---|---|
| 003 | OSt | ||
| 005 | 20221005104720.0 | ||
| 006 | a|||||r|||| 00| 0 | ||
| 007 | ta | ||
| 008 | 221004b |||||||| |||| 00| 0 hin d | ||
| 024 | _a29813 | ||
| 037 | _cTextual | ||
| 040 |
_aCRL _cCRL _bhin |
||
| 041 |
_2hin _ahin |
||
| 082 | _aV2;51, 152N5 | ||
| 100 | _aराय, सत्या एम. | ||
| 245 | 0 | _aभारत में उपनिवेशवाद और राष्ट्रवाद | |
| 246 | _aBhārat mean upaniveshavād aur rāṣhṭravāda | ||
| 260 |
_aदिल्ली _bविश्वविद्यालय हिंदी माध्यम कार्यान्वय निदेशालय भारत _c1983 |
||
| 300 |
_a724पृ. _ccm. |
||
| 942 |
_hV2;51, 152N5 _cTEXL _2cc |
||
| 999 |
_c1013570 _d1013570 |
||